Brazil's growing economy offers hope to UK firms (Record no. 81186)

MARC details
000 -LEADER
fixed length control field 00944cab a22002055a 4500
001 - CONTROL NUMBER
control field L146564
008 - FIXED-LENGTH DATA ELEMENTS--GENERAL INFORMATION
fixed length control field 090203e20090115xxkdo f 000 0 eng d
035 ## - SYSTEM CONTROL NUMBER
System control number (Sirsi) u146564
041 0# - LANGUAGE CODE
Language code of text/sound track or separate title eng
100 2# - MAIN ENTRY--PERSONAL NAME
Personal name Handley, Lucy
245 00 - TITLE STATEMENT
Title Brazil's growing economy offers hope to UK firms
260 ## - PUBLICATION, DISTRIBUTION, ETC.
Date of publication, distribution, etc. 2009
490 ## - SERIES STATEMENT
Series statement Construction News
Volume/sequential designation (7100) 15 January 2009, 20-21 (2)
490 ## - SERIES STATEMENT
Series statement Construction News Winning Work
Volume/sequential designation (7100) 15 January 2009, 20-21 (2)
520 ## - SUMMARY, ETC.
Summary, etc. Presents construction market opportunities in Brazil for UK firms. Reviews Brazil's economy and suggests that it is one of the countries expected to dominate the global economy in 2050. Explains that the growing population and investment in infrastructure make it attractive to UK construction companies. Provides advice for doing business in this country.
590 ## - LOCAL NOTE (RLIN)
Local note KA
651 #4 - SUBJECT ADDED ENTRY--GEOGRAPHIC NAME
Geographic name United Kingdom
Chronological subdivision
690 ## - LOCAL SUBJECT ADDED ENTRY--TOPICAL TERM (OCLC, RLIN)
Topical term or geographic name as entry element BUILT ENVIRONMENT-CONSTRUCTION MARKET
942 ## - ADDED ENTRY ELEMENTS (KOHA)
Suppress in OPAC 0
Holdings
Withdrawn status Lost status Source of classification or shelving scheme Damaged status Not for loan Home library Current library Shelving location Date acquired Total Checkouts Full call number Barcode Date last seen Copy number Price effective from Koha item type
    Dewey Decimal Classification     London London Journal article 04/02/2009   L146564 146564-1001 06/08/2019 1 06/08/2019 Journal article